Mutató

Elmentve itt :
Bibliográfiai részletek
Dokumentumtípus: Könyv része
Megjelent: 1989
Sorozat:Adattár XVI-XVIII. századi szellemi mozgalmaink történetéhez 9
Online Access:http://misc.bibl.u-szeged.hu/29902
LEADER 00527naa a2200169 i 4500
001 misc29902
005 20200430142018.0
008 180322s1989 hu o 0|| lat d
020 |a 963-241-787-9 
040 |a SZTE Miscellanea Repozitórium  |b hun 
041 |a lat 
041 |a hun 
245 0 0 |a Mutató  |h [elektronikus dokumentum] 
260 |c 1989 
300 |a 543-675 
490 0 |a Adattár XVI-XVIII. századi szellemi mozgalmaink történetéhez  |v 9 
856 4 0 |u http://misc.bibl.u-szeged.hu/29902/1/ad_009_543-675.pdf  |z Dokumentum-elérés